000 00758nam a2200205 a 4500
001 000035870
005 20200930074700.0
008 111115s1968 mx 000 0 spa d
040 _aDO-SdBNP
_bspa
_cBNPHU
082 _axxxx
_bC175
245 0 4 _aLos cambios sociales :
_bfuentes, tipos y consecuencias /
_ccompilado y presentado Amitai Etzioni, Eva Etzioni.
260 _aMéxico :
_bFondo de Cultura Económica,
_c1968.
300 _a453 p. ;
_c23 cm.
504 _aIncluye referencias bibliográficas y notas al pie de las páginas.
500 _aIncluye índice.
590 _aPerteneció a la biblioteca personal de Juan Isidro Jimenes Grullón
700 1 2 _aEtzioni, Amitai
_ecomp.
_961858
700 1 2 _aEtzioni, Eva,
_ecomp.
_961859
049 _aBNGR
999 _c35361
_d35361